000 00463nam a2200181Ia 4500
001 11559
005 20260306162836.0
008 260306t2012||||xx |||||||||||||| ||spa||
041 _aESP
082 _a985.09
_bG86 T. 2
100 _aGuerra Martinière, Margarita
_eAUT
245 0 _aHomenaje a José Antonio del Busto Duthurburu
260 _c2012
300 _apáginas 360-1199 :
_c24 cm.
650 _aGEN
654 _aCHU
942 _cLIB
_dJUS
_fJUS
_2ddc
_n
999 _c11559
_d11559